000 00510nam a2200169Ia 4500
003 GCL
008 140319s9999 xx 000 0 ara d
040 _aGCL /
_cGCL
082 0 4 _a398.03
_bع م
100 1 _aعبدالرازق عبدربه
245 1 0 _aموسوعة اقوال لا تمحوها الايام /
_cعبدالرازق عبدربه
300 _a733 ص
490 _aالهيئة العامة للاستعلامات
_v0
650 0 4 _aالحكم
650 0 4 _aالامثال
942 _2ddc
_cBK
999 _c50394
_d50394